000 00533nam a2200193Ia 4500
003 IN-BaIIA
008 211028s9999 xx 000 0 eng d
020 _a306-30489-9
040 _cIIA Library
080 _a533
_bPOD
100 _aPodgornyi, I. M
_96731
245 0 _aTopics in plasma diagnostics
_cI. M. Podgornyi
260 _aNew York
_bPlenum Press
_c1971
300 _axiv, 214p.
500 _aTranslation of Lekt︠s︡ii po diagnostike plazmy
650 _aPlasma physics
_93732
650 _aPlasmas
_91898
942 _cBK
999 _c3791
_d3791